World's Worst Dictators - Statistics

General Stats
  • This quiz has been taken 117 times
  • The average score is 12 of 15
Answer Stats
Picture Answer % Correct
Adolf Hitler
100%
Kim il Sung
99%
Kim Jong il
99%
Kim Jong Un
99%
Joseph Stalin
92%
Fidel Castro
89%
Mao Zedong
88%
Vladmir Lenin
87%
Benito Mussolini
85%
Saddam Hussein
80%
Pol Pot
65%
Genghis Khan
56%
Vlad the Impaler
56%
Hirohito
48%
Leopold II
31%
No matching quizzes found
Score Distribution
Percent of People with Each Score
Percentile by Number Answered
Your Score History
You have not taken this quiz